00596nam a2200181 a 450000500170000000800410001702000180005805000270007610000220010324500880012526000460021330000160025944000270027550000280030265000440033065000190037465000210039320140412111352.0050425s19uu xx 00 eng d a0-02-660846-4 aTR(GS 372.4bK846 2000 aKoss, Amy Goldman aJan and Jack :bdecodable book /cby Amy Goldman Koss ; illustrated by Olivia Cole. aColumbus, Ohio :bSRA/McGraw-Hill,c2000. a8 p. ; ill. aSRA Open Court Reading aLevel B, Set 1, Book 20 aReadingxPhoneticsxJuvenile literature aSnackxFiction aChildren stories